000 00352nam a2200145Ia 4500
008 230312s9999||||xx |||||||||||||| ||und||
020 _a9780470502112
082 _a006.7
_bHAE-L
100 _aCollier,Marsha
245 0 _aEBay for dummies
260 _bWiley
_aUSA
_c2009
300 _a385
650 _aComputer
_vMarketing sur Internet
942 _cBK
999 _c18187
_d18187